[Event "Fagernes op"]
[Site "Fagernes"]
[Date "2020.10.08"]
[Round "6"]
[White "Larsen, Per Magnus"]
[Black "Gasland, Lukas Dominik"]
[Result "0-1"]
[WhiteElo "1269"]
[BlackElo "1320"]
[PlyCount "138"]
[EventDate "2020.10.04"]
[EventType "swiss"]
[EventRounds "9"]
[EventCountry "NOR"]
[SourceTitle "EXT 2024"]
[Source "ChessBase"]
[SourceDate "2023.10.10"]
[SourceVersion "1"]
[SourceVersionDate "2023.10.10"]
[SourceQuality "1"]

1. d4 Nf6 2. c4 g6 3. Nc3 d5 4. cxd5 Nxd5 5. Nxd5 Qxd5 6. e3 Bg7 7. Nf3 0-0 8. b3 Rd8 9. Bc4 Qh5 10. Ba3 Qa5+ 11. Qd2 Qxa3 12. 0-0 c5 13. Rfd1 cxd4 14. exd4 Qd6 15. Rac1 h6 16. Qe3 Nc6 17. d5 Ne5 18. Nxe5 Qxe5 19. Qf3 Qf5 20. Qe2 Be5 21. Bd3 Qh5 22. Qxh5 gxh5 23. h3 Kg7 24. Be4 Rb8 25. Bf3 Kg6 26. Re1 Bf6 27. Be4+ Bf5 28. Bf3 h4 29. Kh2 Bg5 30. Rc4 Rbc8 31. g4 hxg3+ 32. fxg3 Rxc4 33. bxc4 Rc8 34. h4 Bf6 35. g4 Bd3 36. Be4+ Bxe4 37. Rxe4 Bxh4 38. Kh3 Bg5 39. a4 Rc5 40. Rd4 Bf6 41. d6 exd6 42. Rxd6 Rxc4 43. a5 a6 44. Rb6 Rc7 45. Kg3 Kg5 46. Kf3 Bc3 47. Rd6 f6 48. Rd5+ Be5 49. Rd8 Rc3+ 50. Ke4 Rc4+ 51. Kf3 Rf4+ 52. Ke3 Kxg4 53. Rd7 Rb4 54. Rg7+ Kf5 55. Kd3 h5 56. Rh7 h4 57. Rh5+ Kg6 58. Rh8 h3 59. Ke3 h2 60. Kf2 Bf4 61. Kg2 Rb2+ 62. Kh1 Rb1+ 63. Kg2 h1Q+ 64. Rxh1 Rxh1 65. Kxh1 Bd2 66. Kg2 Kf5 67. Kf3 Bxa5 68. Ke3 Bb6+ 69. Kd3 a5 0-1

[Event "Fagernes op"]
[Site "Fagernes"]
[Date "2020.10.07"]
[Round "5"]
[White "Evensen, Per Erik"]
[Black "Larsen, Per Magnus"]
[Result "1-0"]
[WhiteElo "1418"]
[BlackElo "1269"]
[PlyCount "77"]
[EventDate "2020.10.04"]
[EventType "swiss"]
[EventRounds "9"]
[EventCountry "NOR"]
[SourceTitle "EXT 2024"]
[Source "ChessBase"]
[SourceDate "2023.10.10"]
[SourceVersion "1"]
[SourceVersionDate "2023.10.10"]
[SourceQuality "1"]

1. e4 e6 2. d4 d5 3. exd5 exd5 4. Nf3 Bd6 5. Bg5 Nf6 6. Bd3 Be6 7. 0-0 h6 8. Bh4 c6 9. Re1 0-0 10. Nbd2 Nbd7 11. c3 Be7 12. Qc2 c5 13. Bf5 Bxf5 14. Qxf5 Re8 15. Bg3 cxd4 16. Nxd4 Nc5 17. Rad1 a6 18. h3 g6 19. Qc2 Nfe4 20. Nxe4 Nxe4 21. Bh2 Qd7 22. Nb3 Nf6 23. Qd2 Bd6 24. Bxd6 Qxd6 25. Qd4 Re4 26. Rxe4 Rd8 27. Re2 Qc7 28. Qxf6 Qd7 29. Re7 Qf5 30. Qxf5 gxf5 31. Rxb7 Kg7 32. Re1 Kg6 33. Ree7 Rf8 34. Nd4 f4 35. g3 fxg3 36. fxg3 h5 37. Rb6+ Kg5 38. Nf3+ Kf5 39. Re5# 1-0

[Event "Fagernes op"]
[Site "Fagernes"]
[Date "2020.10.06"]
[Round "4"]
[White "Larsen, Per Magnus"]
[Black "Olsen, Geir Ove"]
[Result "0-1"]
[WhiteElo "1269"]
[BlackElo "1509"]
[PlyCount "134"]
[EventDate "2020.10.04"]
[EventType "swiss"]
[EventRounds "9"]
[EventCountry "NOR"]
[SourceTitle "EXT 2024"]
[Source "ChessBase"]
[SourceDate "2023.10.10"]
[SourceVersion "1"]
[SourceVersionDate "2023.10.10"]
[SourceQuality "1"]

1. d4 Nf6 2. c4 e6 3. Nc3 Bb4 4. e3 0-0 5. Bd3 c5 6. Nge2 cxd4 7. exd4 d5 8. c5 Nc6 9. 0-0 e5 10. a3 Bxc3 11. bxc3 e4 12. Bc2 b6 13. cxb6 Qxb6 14. Rb1 Qa6 15. Ba4 Bf5 16. Bb5 Qc8 17. Bf4 e3 18. Rb2 exf2+ 19. Kxf2 Ne4+ 20. Kg1 Bg4 21. Qd3 Bxe2 22. Rxe2 Qe6 23. c4 Rfe8 24. cxd5 Qxd5 25. Bxc6 Qxc6 26. Rfe1 f5 27. Rc1 Qa4 28. Be5 Rad8 29. Qc4+ Qxc4 30. Rxc4 Rxe5 31. Rec2 Re7 32. Kf1 Red7 33. Rc8 Rxc8 34. Rxc8+ Kf7 35. Ke2 Nd6 36. Rc4 Re7+ 37. Kd3 g6 38. d5 Kf6 39. Ra4 Ke5 40. g3 Rd7 41. Ra6 Ne4 42. Ke3 Nf6 43. Re6+ Kxd5 44. Rxf6 Kc5 45. g4 fxg4 46. Kf4 a5 47. Kxg4 Ra7 48. Kg5 Kb5 49. h4 a4 50. h5 gxh5 51. Kxh5 Rc7 52. Rf3 Rd7 53. Kh6 Kc4 54. Rf6 Rb7 55. Rf4+ Kb3 56. Rf3+ Ka2 57. Re3 Rb3 58. Re2+ Kxa3 59. Kxh7 Rc3 60. Re7 Kb2 61. Re2+ Rc2 62. Re6 a3 63. Rb6+ Kc1 64. Rf6 a2 65. Ra6 Kb1 66. Rb6+ Rb2 67. Re6 a1Q 0-1

[Event "Fagernes op"]
[Site "Fagernes"]
[Date "2020.10.06"]
[Round "3"]
[White "Lotz, Corinna"]
[Black "Larsen, Per Magnus"]
[Result "0-1"]
[WhiteElo "1375"]
[BlackElo "1269"]
[PlyCount "150"]
[EventDate "2020.10.04"]
[EventType "swiss"]
[EventRounds "9"]
[EventCountry "NOR"]
[SourceTitle "EXT 2024"]
[Source "ChessBase"]
[SourceDate "2023.10.10"]
[SourceVersion "1"]
[SourceVersionDate "2023.10.10"]
[SourceQuality "1"]

1. e4 c6 2. d4 d5 3. e5 c5 4. c3 e6 5. Nf3 Nc6 6. Be2 Qb6 7. 0-0 cxd4 8. cxd4 Bd7 9. b3 Rc8 10. Bb2 Nb4 11. Nc3 Ne7 12. a3 Nbc6 13. Na4 Qc7 14. Nc5 Nf5 15. Nxd7 Qxd7 16. g4 Nh6 17. h3 Be7 18. b4 0-0 19. Bc1 f6 20. Bxh6 gxh6 21. Bb5 a6 22. Bxc6 Rxc6 23. Rc1 f5 24. Rxc6 Qxc6 25. Nh2 Qc3 26. gxf5 Rxf5 27. f3 Bg5 28. Kh1 Rf4 29. Qc1 Qxc1 30. Rxc1 Rf7 31. Rc3 h5 32. Nf1 Kg7 33. Kg2 h4 34. Rc2 Kh6 35. Nd2 Rg7 36. Nb3 Bc1+ 37. Kh2 Bxa3 38. Nc5 Re7 39. f4 Bxb4 40. Rb2 a5 41. Kg2 Kg6 42. Kf3 b5 43. Nd3 Kf5 44. Nxb4 axb4 45. Rxb4 Rg7 46. Rxb5 Rg3+ 47. Kf2 Kxf4 48. Rb7 Ke4 49. Rxh7 Rxh3 50. Rh6 Rf3+ 51. Ke2 h3 52. Rh4+ Rf4 53. Rxh3 Kxd4 54. Ra3 Kxe5 55. Ra5 Ke4 56. Ra4+ d4 57. Kd2 e5 58. Ke2 Rg4 59. Kd2 Rg2+ 60. Ke1 Rc2 61. Kd1 Rc3 62. Ke2 Rc2+ 63. Kd1 Rc5 64. Ke2 Rd5 65. Rb4 Kf5 66. Rb1 e4 67. Rh1 d3+ 68. Kd2 Ke5 69. Ke3 d2 70. Rh5+ Kd6 71. Rxd5+ Kxd5 72. Kxd2 Kd4 73. Kd1 Kd3 74. Ke1 Ke3 75. Kf1 Kd2 0-1

[Event "EU-ch Seniors 50 18th"]
[Site "Drammen"]
[Date "2018.08.10"]
[Round "7"]
[White "Warstad, Leif Edvin"]
[Black "Larsen, Per Magnus"]
[Result "1-0"]
[WhiteElo "1564"]
[BlackElo "1322"]
[PlyCount "77"]
[EventDate "2018.08.04"]
[EventType "swiss"]
[EventRounds "9"]
[EventCountry "NOR"]
[SourceTitle "CBM 185 Extra"]
[Source "ChessBase"]
[SourceDate "2018.07.29"]
[SourceVersion "1"]
[SourceVersionDate "2018.07.29"]
[SourceQuality "1"]

1. d4 d5 2. Nf3 e6 3. c4 dxc4 4. Nc3 a6 5. a4 Nf6 6. e4 c6 7. Bxc4 Qc7 8. 0-0 Be7 9. Bg5 h6 10. Bh4 Nbd7 11. Qe2 Nb6 12. Bd3 0-0 13. Bg3 Qd8 14. Rfd1 Nh5 15. a5 Nxg3 16. hxg3 Nd7 17. e5 Qe8 18. Ne4 f5 19. Nd6 Bxd6 20. exd6 Nf6 21. Re1 Qh5 22. Bc4 Re8 23. Ne5 Qxe2 24. Rxe2 Kf8 25. Rae1 Nd7 26. Ng6+ Kg8 27. Ne7+ Rxe7 28. dxe7 Nf6 29. Bxe6+ Bxe6 30. Rxe6 Re8 31. f3 Kf7 32. Kf2 Nd5 33. f4 Nb4 34. R1e2 Nd3+ 35. Kf3 Nxb2 36. Rd6 Rxe7 37. Rxb2 g5 38. g4 fxg4+ 39. Kxg4 1-0

[Event "EU-ch Seniors 50 18th"]
[Site "Drammen"]
[Date "2018.08.09"]
[Round "6"]
[White "Larsen, Per Magnus"]
[Black "Frimanslund, Berge"]
[Result "0-1"]
[WhiteElo "1322"]
[BlackElo "1521"]
[PlyCount "113"]
[EventDate "2018.08.04"]
[EventType "swiss"]
[EventRounds "9"]
[EventCountry "NOR"]
[SourceTitle "CBM 185 Extra"]
[Source "ChessBase"]
[SourceDate "2018.07.29"]
[SourceVersion "1"]
[SourceVersionDate "2018.07.29"]
[SourceQuality "1"]

1. d4 d5 2. c4 e5 3. dxe5 d4 4. Nf3 Bb4+ 5. Bd2 Bxd2+ 6. Qxd2 c5 7. Na3 Ne7 8. e3 Nbc6 9. Nb5 0-0 10. exd4 cxd4 11. Nbxd4 Nxd4 12. Nxd4 Qc7 13. 0-0-0 Qxe5 14. Nf3 Qf6 15. Qd6 Be6 16. Qe5 Qh6+ 17. Qg5 Nf5 18. Qxh6 Nxh6 19. h3 Rac8 20. b3 b5 21. Nd2 Nf5 22. Bd3 Nd6 23. Kb2 bxc4 24. Nxc4 Nxc4+ 25. Bxc4 Bxc4 26. bxc4 Rxc4 27. Rhe1 Rb8+ 28. Ka3 Rc2 29. Rb1 Rd8 30. Rb2 Rc6 31. Rb4 h6 32. Re2 Rd3+ 33. Kb2 Ra6 34. a4 Ra5 35. Rc2 Rg5 36. g3 Rf5 37. Rb3 Rd4 38. Ka3 Ra5 39. Rb4 Rd3+ 40. Rb3 Rd7 41. Rb5 Ra6 42. Rbc5 Rf6 43. f4 Rfd6 44. Kb3 Rd1 45. Kb2 Rh1 46. h4 Rg1 47. R5c3 Rb7+ 48. Ka3 Ra1+ 49. Ra2 Rab1 50. Rac2 a5 51. g4 R7b4 52. g5 hxg5 53. hxg5 Ra1+ 54. Ra2 Rxa2+ 55. Kxa2 Rxa4+ 56. Ra3 Rxa3+ 57. Kxa3 0-1

[Event "Oslo Classic A"]
[Site "Oslo"]
[Date "2017.11.10"]
[Round "1"]
[White "Nygaard, Karl Magnus"]
[Black "Larsen, Per Magnus"]
[Result "1-0"]
[WhiteElo "1942"]
[BlackElo "1293"]
[PlyCount "73"]
[EventDate "2017.11.10"]
[EventType "swiss"]
[EventRounds "5"]
[EventCountry "NOR"]
[SourceTitle "EXT 2024"]
[Source "ChessBase"]
[SourceDate "2023.10.10"]
[SourceVersion "1"]
[SourceVersionDate "2023.10.10"]
[SourceQuality "1"]

1. d4 d5 2. c4 c6 3. Nc3 e6 4. Nf3 Nf6 5. Bg5 Be7 6. e3 0-0 7. Bd3 dxc4 8. Bxc4 Nbd7 9. 0-0 Re8 10. Re1 b5 11. Bb3 Bb7 12. Rc1 Rc8 13. Bc2 a6 14. e4 Nf8 15. e5 Nd5 16. Bxe7 Qxe7 17. Ne4 Red8 18. Nc5 a5 19. Bb1 Rc7 20. Nxb7 Rxb7 21. Rxc6 Nb4 22. Rc1 Rc7 23. a3 Nc6 24. Qd3 b4 25. Rc2 Ng6 26. Qb5 Qd7 27. Rec1 Rb8 28. Qxb8+ Nxb8 29. Rxc7 Qb5 30. Bxg6 fxg6 31. Rc8+ Kf7 32. R1c7+ Nd7 33. Rd8 g5 34. Rdxd7+ Kg6 35. g4 Qxd7 36. Rxd7 bxa3 37. bxa3 1-0

[Event "Oslo Stjernens op"]
[Site "Oslo"]
[Date "2015.11.08"]
[Round "4"]
[White "Tunsjo, Axel"]
[Black "Larsen, Per Magnus"]
[Result "1/2-1/2"]
[WhiteElo "1000"]
[BlackElo "1057"]
[PlyCount "106"]
[EventDate "2015.11.06"]
[EventType "swiss"]
[EventRounds "5"]
[EventCountry "NOR"]
[SourceTitle "CBM 169 Extra"]
[Source "ChessBase"]
[SourceDate "2015.12.18"]
[SourceVersion "1"]
[SourceVersionDate "2015.12.18"]
[SourceQuality "1"]

1. d4 Nf6 2. c4 e6 3. Nc3 Bb4 4. a3 Bxc3+ 5. bxc3 Nc6 6. Nf3 d6 7. Bg5 b6 8. e4 e5 9. d5 Na5 10. Be2 Ba6 11. c5 Bxe2 12. Qxe2 dxc5 13. Nxe5 h6 14. Qb5+ Kf8 15. Bxf6 gxf6 16. Nd7+ Ke7 17. Nxc5 a6 18. Qb4 Qd6 19. Nd3 Rhg8 20. Qxd6+ Kxd6 21. g3 Rge8 22. f3 f5 23. Nf2 fxe4 24. fxe4 f5 25. 0-0 Rf8 26. exf5 Rae8 27. g4 Nc4 28. Rfe1 Nd2 29. Rxe8 Rxe8 30. Rd1 Nc4 31. a4 Nb2 32. Ra1 Nxa4 33. c4 Nc5 34. Kf1 a5 35. Re1 Rxe1+ 36. Kxe1 a4 37. Kd2 b5 38. Kc3 a3 39. h4 b4+ 40. Kc2 b3+ 41. Kb1 Ke5 42. Nd1 Nd3 43. Nc3 Nb2 44. Nb5 Nxc4 45. Nxa3 Nxa3+ 46. Kb2 Nc4+ 47. Kxb3 Ne3 48. g5 hxg5 49. hxg5 Kxf5 50. Kb4 Ke5 51. Kc5 Nxd5 52. Kc6 Ne7+ 53. Kxc7 Ng6 1/2-1/2

[Event "Oslo Stjernens op"]
[Site "Oslo"]
[Date "2015.11.07"]
[Round "3"]
[White "Larsen, Per Magnus"]
[Black "Wagene, Rune Arild"]
[Result "1-0"]
[WhiteElo "1057"]
[BlackElo "775"]
[PlyCount "55"]
[EventDate "2015.11.06"]
[EventType "swiss"]
[EventRounds "5"]
[EventCountry "NOR"]
[SourceTitle "CBM 169 Extra"]
[Source "ChessBase"]
[SourceDate "2015.12.18"]
[SourceVersion "1"]
[SourceVersionDate "2015.12.18"]
[SourceQuality "1"]

1. d4 d5 2. c4 c6 3. Bf4 Nf6 4. Nc3 g6 5. e3 Bg7 6. h3 Ne4 7. cxd5 Nxc3 8. bxc3 Qxd5 9. Qb3 Be6 10. c4 Qa5+ 11. Kd1 b5 12. Rc1 Na6 13. d5 Rd8 14. e4 Nc5 15. Qc2 cxd5 16. exd5 Bf5 17. Qe2 Qa4+ 18. Rc2 Bxc2+ 19. Qxc2 Qxc2+ 20. Kxc2 b4 21. Nf3 a5 22. Bc7 Ra8 23. Bb6 Ne4 24. Bd3 Nxf2 25. Bxf2 a4 26. Rb1 Rb8 27. Nd4 Bxd4 28. Bxd4 1-0

[Event "Oslo Stjernens op"]
[Site "Oslo"]
[Date "2015.11.06"]
[Round "1"]
[White "Larsen, Per Magnus"]
[Black "Ramirez Garrastacho, Manuel"]
[Result "0-1"]
[WhiteElo "1057"]
[BlackElo "2074"]
[PlyCount "58"]
[EventDate "2015.11.06"]
[EventType "swiss"]
[EventRounds "5"]
[EventCountry "NOR"]
[SourceTitle "CBM 169 Extra"]
[Source "ChessBase"]
[SourceDate "2015.12.18"]
[SourceVersion "1"]
[SourceVersionDate "2015.12.18"]
[SourceQuality "1"]

1. d4 Nf6 2. c4 g6 3. Nc3 Bg7 4. e4 d6 5. Bg5 0-0 6. Be2 Na6 7. a3 c5 8. d5 Nc7 9. Qd2 a6 10. Bh6 b5 11. Bxg7 Kxg7 12. cxb5 axb5 13. f3 b4 14. Nb5 bxa3 15. Rxa3 Rxa3 16. Nxa3 e6 17. Bc4 exd5 18. exd5 Re8+ 19. Kf2 Bb7 20. Nb5 Nfxd5 21. Nxc7 Nxc7 22. Ne2 Qh4+ 23. g3 Qxc4 24. Qc3+ Qxc3 25. bxc3 Ra8 26. Ke3 Ra3 27. Rb1 Nd5+ 28. Kd2 Ba6 29. c4 Bxc4 0-1

[Event "Fagernes Norsk op-B"]
[Site "Fagernes"]
[Date "2015.03.29"]
[Round "3"]
[White "Larsen, Per Magnus"]
[Black "Fossan, Andreas"]
[Result "0-1"]
[WhiteElo "1312"]
[BlackElo "1873"]
[PlyCount "76"]
[EventDate "2015.03.29"]
[EventType "swiss"]
[EventRounds "9"]
[EventCountry "NOR"]
[SourceTitle "EXT 2016"]
[Source "ChessBase"]
[SourceDate "2015.10.08"]
[SourceVersion "1"]
[SourceVersionDate "2015.10.08"]
[SourceQuality "1"]

1. d4 d5 2. c4 c6 3. Nc3 Nf6 4. cxd5 cxd5 5. Bf4 Nc6 6. Nf3 e6 7. e3 a6 8. Ne5 Be7 9. Be2 0-0 10. 0-0 Nd7 11. Nxc6 bxc6 12. a3 a5 13. Rc1 Ba6 14. Qb3 Bxe2 15. Nxe2 c5 16. Qb5 Rc8 17. Rc3 c4 18. Ra1 Nf6 19. f3 Nh5 20. Be5 f6 21. Bf4 g5 22. Bg3 Nxg3 23. Nxg3 Rb8 24. Qa4 Rxb2 25. Rc2 Qb6 26. Ne2 Rb8 27. Nc3 Rb3 28. Kf2 Rxc3 29. Rca2 Rb3 30. Kg3 Qb5 31. Qxb5 R8xb5 32. a4 Rb6 33. Rc1 Rb2 34. Raa1 Bd6+ 35. f4 h5 36. h4 gxf4+ 37. Kf3 e5 38. g4 e4# 0-1

[Event "Fagernes Norsk op-B"]
[Site "Fagernes"]
[Date "2015.03.29"]
[Round "7"]
[White "Larsen, Per Magnus"]
[Black "Sateren, Erlend"]
[Result "1/2-1/2"]
[WhiteElo "1312"]
[BlackElo "1428"]
[PlyCount "103"]
[EventDate "2015.03.29"]
[EventType "swiss"]
[EventRounds "9"]
[EventCountry "NOR"]
[SourceTitle "EXT 2016"]
[Source "ChessBase"]
[SourceDate "2015.10.08"]
[SourceVersion "1"]
[SourceVersionDate "2015.10.08"]
[SourceQuality "1"]

1. d4 Nf6 2. c4 g6 3. Nc3 Bg7 4. e4 d6 5. Bg5 0-0 6. Qd2 c5 7. d5 Na6 8. Be2 Nc7 9. h3 Rb8 10. Nf3 Bd7 11. a4 a6 12. 0-0 b5 13. axb5 axb5 14. e5 Nfe8 15. Bh6 bxc4 16. Bxg7 Kxg7 17. Bxc4 Rb4 18. b3 Nb5 19. Bd3 Rxb3 20. Nxb5 Bxb5 21. Bxb5 Rxb5 22. Rfb1 Qb6 23. Rxb5 Qxb5 24. Qc3 Kg8 25. Re1 Nc7 26. Qd2 Kg7 27. exd6 exd6 28. Re7 Na6 29. Ng5 Qb1+ 30. Kh2 Kg8 31. Qf4 Qf5 32. Qxf5 gxf5 33. Rd7 Nb4 34. Rxd6 f6 35. Rd7 fxg5 36. d6 Rf7 37. Rc7 Nc6 38. Rxc6 Rd7 39. Rc8+ Kf7 40. Rc7 Ke6 41. Rxc5 Rxd6 42. Rc7 h6 43. Rh7 Ke5 44. Re7+ Kf6 45. Rb7 Re6 46. g3 Re7 47. Rb3 h5 48. Rb6+ Re6 49. Rb8 Re7 50. Rf8+ Rf7 51. Rb8 Re7 52. Rf8+ 1/2-1/2

[Event "Fagernes Norsk op-B"]
[Site "Fagernes"]
[Date "2015.03.29"]
[Round "1"]
[White "Nordquelle, Daniel"]
[Black "Larsen, Per Magnus"]
[Result "1-0"]
[WhiteElo "1874"]
[BlackElo "1312"]
[PlyCount "61"]
[EventDate "2015.03.29"]
[EventType "swiss"]
[EventRounds "9"]
[EventCountry "NOR"]
[SourceTitle "EXT 2016"]
[Source "ChessBase"]
[SourceDate "2015.10.08"]
[SourceVersion "1"]
[SourceVersionDate "2015.10.08"]
[SourceQuality "1"]

1. e4 e6 2. Nf3 Nf6 3. e5 Ng8 4. d4 d5 5. Be2 Bb4+ 6. c3 Be7 7. 0-0 b6 8. b4 c5 9. bxc5 bxc5 10. c4 Bb7 11. Nc3 cxd4 12. Nxd4 Nc6 13. cxd5 Nxd4 14. Qxd4 Bxd5 15. Qa4+ Kf8 16. Rd1 Rc8 17. Nxd5 exd5 18. Qxa7 Bc5 19. Qb7 Ne7 20. Bg5 d4 21. Bxe7+ Bxe7 22. Rxd4 Qc7 23. Qd5 Rd8 24. Qe4 Rxd4 25. Qxd4 Ba3 26. Rd1 Ke7 27. Qh4+ f6 28. exf6+ gxf6 29. Qe4+ Qe5 30. Qb7+ Ke6 31. Qd7# 1-0

[Event "Knarrevik Winter 1st"]
[Site "Knarrevik"]
[Date "2015.03.01"]
[Round "5"]
[White "Merkesvik, Amalie Isabel"]
[Black "Larsen, Per Magnus"]
[Result "0-1"]
[WhiteElo "1262"]
[BlackElo "1005"]
[PlyCount "98"]
[EventDate "2015.02.27"]
[EventType "swiss"]
[EventRounds "5"]
[EventCountry "NOR"]
[SourceTitle "EXT 2024"]
[Source "ChessBase"]
[SourceDate "2023.10.10"]
[SourceVersion "1"]
[SourceVersionDate "2023.10.10"]
[SourceQuality "1"]

1. e4 e6 2. d4 d5 3. exd5 exd5 4. Bd3 Bd6 5. Nf3 Nc6 6. c3 Qe7+ 7. Be3 Bd7 8. 0-0 Nf6 9. Nbd2 0-0-0 10. Qc2 h5 11. Rfe1 Qf8 12. a3 Re8 13. Bf5 Ne7 14. Bxd7+ Nxd7 15. c4 c6 16. Ne5 Nf6 17. Bg5 Bxe5 18. dxe5 Nfg8 19. Nf3 f6 20. exf6 gxf6 21. Bf4 Rd8 22. Rad1 dxc4 23. Bd6 Qf7 24. Qe4 Rh6 25. Bf4 Rxd1 26. Rxd1 Rh7 27. Nd4 Nd5 28. Qf5+ Qd7 29. Ne6 Re7 30. Nd4 Qxf5 31. Nxf5 Re2 32. Bd2 Kc7 33. Ng3 Re6 34. Nxh5 Nge7 35. Nf4 Re4 36. Nxd5+ Nxd5 37. Bc3 b5 38. Rd4 Nxc3 39. Rxe4 Nxe4 40. h4 f5 41. h5 f4 42. h6 Ng5 43. f3 Kd6 44. Kf2 c5 45. g3 fxg3+ 46. Kxg3 b4 47. f4 Ne4+ 48. Kg4 Nf6+ 49. Kg5 Ke7 0-1

[Event "Knarrevik Winter 1st"]
[Site "Knarrevik"]
[Date "2015.02.28"]
[Round "2"]
[White "Brattetveit, Olav"]
[Black "Larsen, Per Magnus"]
[Result "1/2-1/2"]
[WhiteElo "887"]
[BlackElo "1005"]
[PlyCount "73"]
[EventDate "2015.02.27"]
[EventType "swiss"]
[EventRounds "5"]
[EventCountry "NOR"]
[SourceTitle "EXT 2024"]
[Source "ChessBase"]
[SourceDate "2023.10.10"]
[SourceVersion "1"]
[SourceVersionDate "2023.10.10"]
[SourceQuality "1"]

1. e4 e6 2. d4 d5 3. Nc3 Nf6 4. Bg5 Be7 5. Nf3 Nbd7 6. Bd3 c5 7. dxc5 Nxc5 8. Bb5+ Bd7 9. Bxd7+ Qxd7 10. exd5 exd5 11. 0-0 Rd8 12. Ne2 0-0 13. c3 Nfe4 14. Be3 f6 15. Rc1 b6 16. h3 Rfe8 17. Qd4 Ne6 18. Qd3 f5 19. Rfd1 Bc5 20. c4 Bxe3 21. Qxe3 Nc7 22. Nc3 Nxc3 23. Qxc3 Ne6 24. Rxd5 Qb7 25. Rxf5 Nc5 26. Re1 Qd7 27. Rd5 Rxe1+ 28. Qxe1 Qc7 29. Rxd8+ Qxd8 30. Qd2 Qe7 31. Qg5 Qd7 32. Qd2 Qxd2 33. Nxd2 Nd3 34. b3 Kf7 35. g4 Ke6 36. Kg2 Ke5 37. Nf3+ 1/2-1/2

[Event "Fagernes Norsk op-B"]
[Site "Fagernes"]
[Date "2014.04.13"]
[Round "8"]
[White "Landsverk, Ida"]
[Black "Larsen, Per Magnus"]
[Result "0-1"]
[WhiteElo "1160"]
[BlackElo "1023"]
[PlyCount "70"]
[EventDate "2014.04.13"]
[EventType "swiss"]
[EventRounds "9"]
[EventCountry "NOR"]
[SourceTitle "EXT 2016"]
[Source "ChessBase"]
[SourceDate "2015.10.08"]
[SourceVersion "1"]
[SourceVersionDate "2015.10.08"]
[SourceQuality "1"]

1. e4 e5 2. Nc3 Nf6 3. f4 Nc6 4. fxe5 Nxe5 5. d4 Ng6 6. e5 Ng8 7. Nf3 Bb4 8. Bd2 d6 9. exd6 Bxd6 10. Bc4 Qe7+ 11. Ne2 Nf4 12. 0-0 Nxe2+ 13. Bxe2 Nf6 14. c3 0-0 15. Bg5 h6 16. Bxf6 Qxf6 17. Bc4 Be6 18. d5 Bd7 19. Bb3 Rfe8 20. Bc2 Bb5 21. Re1 Rxe1+ 22. Qxe1 Re8 23. Qd2 Re2 24. Qd1 Qf4 25. Qf1 a6 26. a4 Qe3+ 27. Kh1 Bc4 28. b3 Bxd5 29. Re1 Bxf3 30. Rxe2 Qxe2 31. Bd3 Qxf1+ 32. Bxf1 Bd1 33. Bc4 Be5 34. Bd5 c6 35. Be4 Bxb3 0-1

[Event "Fagernes Norsk op-B"]
[Site "Fagernes"]
[Date "2014.04.13"]
[Round "1"]
[White "Larsen, Per Magnus"]
[Black "Morkedal, Oyvind"]
[Result "0-1"]
[WhiteElo "1023"]
[BlackElo "1729"]
[PlyCount "72"]
[EventDate "2014.04.13"]
[EventType "swiss"]
[EventRounds "9"]
[EventCountry "NOR"]
[SourceTitle "EXT 2016"]
[Source "ChessBase"]
[SourceDate "2015.10.08"]
[SourceVersion "1"]
[SourceVersionDate "2015.10.08"]
[SourceQuality "1"]

1. d4 d5 2. c4 c6 3. Nf3 Nf6 4. cxd5 cxd5 5. Nc3 Nc6 6. e3 Bf5 7. Bb5 a6 8. Ba4 b5 9. Bc2 Bxc2 10. Qxc2 Nb4 11. Qe2 e6 12. 0-0 Bd6 13. b3 Rc8 14. Bd2 0-0 15. Ne1 Ne4 16. Nxe4 dxe4 17. a3 Nd5 18. b4 Qh4 19. g3 Qh3 20. f4 f5 21. Qg2 Qh5 22. Rc1 Rxc1 23. Bxc1 Rc8 24. Nc2 Nc3 25. Rf2 Nd5 26. Kf1 Rxc2 27. Rxc2 Qd1+ 28. Kf2 Qxc2+ 29. Kg1 Qxc1+ 30. Kf2 Qd2+ 31. Kf1 Qxg2+ 32. Kxg2 Nxe3+ 33. Kf2 Nc2 34. Ke2 Nxd4+ 35. Ke3 Nc2+ 36. Kd2 Nxa3 0-1

[Event "Bergen Grand Prix C"]
[Site "Bergen"]
[Date "2013.10.19"]
[Round "3"]
[White "Merkesvik, Amalie Isabel"]
[Black "Larsen, Per Magnus"]
[Result "0-1"]
[WhiteElo "955"]
[BlackElo "1057"]
[PlyCount "46"]
[EventDate "2013.10.18"]
[EventType "swiss"]
[EventRounds "5"]
[EventCountry "NOR"]
[SourceTitle "EXT 2024"]
[Source "ChessBase"]
[SourceDate "2023.10.10"]
[SourceVersion "1"]
[SourceVersionDate "2023.10.10"]
[SourceQuality "1"]

1. e4 d6 2. Nf3 Nc6 3. Nc3 Bg4 4. Bc4 Ne5 5. d3 Nxc4 6. dxc4 e5 7. h3 Bd7 8. 0-0 c6 9. Be3 Nf6 10. Qd2 h6 11. Rad1 Be6 12. b3 Qe7 13. Rfe1 Nd7 14. a4 a5 15. Nh2 0-0-0 16. Nb5 cxb5 17. cxb5 b6 18. Qc3+ Nc5 19. Bxc5 dxc5 20. Rxd8+ Qxd8 21. Qxe5 Qc7 22. Qc3 Rg8 23. e5 Be7 0-1

[Event "NOR-ch Class4"]
[Site "Lillehammer"]
[Date "2013.06.29"]
[Round "8"]
[White "Larsen, Per Magnus"]
[Black "Gronn, Torbjorn Vevle"]
[Result "0-1"]
[WhiteElo "980"]
[BlackElo "1000"]
[PlyCount "60"]
[EventDate "2013.06.29"]
[EventType "swiss"]
[EventRounds "9"]
[EventCountry "NOR"]
[SourceTitle "EXT 2017"]
[Source "ChessBase"]
[SourceDate "2016.10.25"]
[SourceVersion "1"]
[SourceVersionDate "2016.10.25"]
[SourceQuality "1"]

1. d4 d5 2. Nf3 Bf5 3. c4 c6 4. Nc3 e6 5. e3 Bd6 6. c5 Bc7 7. Nh4 Bg6 8. Nxg6 hxg6 9. h3 Nf6 10. Bd3 Nbd7 11. Qc2 e5 12. f3 Qe7 13. Ne2 exd4 14. e4 Nxc5 15. Bf4 Bxf4 16. Nxf4 Nxd3+ 17. Qxd3 dxe4 18. fxe4 Qxe4+ 19. Qxe4+ Nxe4 20. Nd3 0-0-0 21. 0-0-0 Rhe8 22. h4 c5 23. b4 c4 24. Nc5 Nf2 25. Rhf1 Nxd1 26. Rxf7 Re1 27. Rxb7 Rde8 28. Rxg7 Nc3+ 29. Kb2 R8e2+ 30. Ka3 Rxa2# 0-1

[Event "Fagernes Grand Prix 2013"]
[Site "Fagernes"]
[Date "2013.03.26"]
[Round "4"]
[White "Larsen, Per Magnus"]
[Black "Sajjadi, Kimiya"]
[Result "1/2-1/2"]
[WhiteElo "997"]
[BlackElo "1301"]
[PlyCount "71"]
[EventDate "2013.03.24"]
[EventType "swiss"]
[EventRounds "5"]
[EventCountry "NOR"]
[SourceTitle "EXT 2024"]
[Source "ChessBase"]
[SourceDate "2023.10.10"]
[SourceVersion "1"]
[SourceVersionDate "2023.10.10"]
[SourceQuality "1"]

1. d4 g6 2. c4 Bg7 3. Nf3 d6 4. Bg5 Nd7 5. e4 b6 6. Nc3 a6 7. Be2 Bb7 8. Qc2 c5 9. d5 Ngf6 10. h3 e6 11. 0-0 0-0 12. Rad1 Qc7 13. Nh2 exd5 14. exd5 h6 15. Be3 Rfe8 16. Qc1 Ne4 17. Nxe4 Rxe4 18. Bd3 Rh4 19. Ng4 Kh7 20. f4 Nf6 21. Nxf6+ Bxf6 22. f5 Be5 23. fxg6+ fxg6 24. Qc2 Qg7 25. Qf2 Rh5 26. Qf7 Bc8 27. Qxg7+ Kxg7 28. Bf4 Bd7 29. Bxe5+ Rxe5 30. Rde1 Rae8 31. Kf2 Kf6 32. Re2 Bf5 33. Bxf5 Kxf5 34. Rxe5+ Rxe5 35. Kf3 h5 36. b3 1/2-1/2